<?xml version="1.0" encoding="UTF-8"?><?xml-stylesheet type="text/xsl" href="static/style.xsl"?><OAI-PMH xmlns="http://www.openarchives.org/OAI/2.0/" xmlns:xsi="http://www.w3.org/2001/XMLSchema-instance" xsi:schemaLocation="http://www.openarchives.org/OAI/2.0/ http://www.openarchives.org/OAI/2.0/OAI-PMH.xsd"><responseDate>2026-04-14T04:06:07Z</responseDate><request verb="GetRecord" identifier="oai:www.recercat.cat:10459.1/465817" metadataPrefix="marc">https://recercat.cat/oai/request</request><GetRecord><record><header><identifier>oai:recercat.cat:10459.1/465817</identifier><datestamp>2025-09-15T18:34:49Z</datestamp><setSpec>com_2072_3622</setSpec><setSpec>col_2072_479130</setSpec></header><metadata><record xmlns="http://www.loc.gov/MARC21/slim" xmlns:dcterms="http://purl.org/dc/terms/" xmlns:xsi="http://www.w3.org/2001/XMLSchema-instance" xmlns:doc="http://www.lyncode.com/xoai" xsi:schemaLocation="http://www.loc.gov/MARC21/slim http://www.loc.gov/standards/marcxml/schema/MARC21slim.xsd">
   <leader>00925njm 22002777a 4500</leader>
   <datafield ind2=" " ind1=" " tag="042">
      <subfield code="a">dc</subfield>
   </datafield>
   <datafield ind2=" " ind1=" " tag="720">
      <subfield code="a">Reixach Sala, Albert</subfield>
      <subfield code="e">author</subfield>
   </datafield>
   <datafield ind2=" " ind1=" " tag="720">
      <subfield code="a">Burguera Puigserver, Victòria A.</subfield>
      <subfield code="e">author</subfield>
   </datafield>
   <datafield ind2=" " ind1=" " tag="260">
      <subfield code="c">2024-05-16</subfield>
   </datafield>
   <datafield ind2=" " ind1=" " tag="520">
      <subfield code="a">El presente monográfico tiene como objetivo abordar desde distintas perspectivas los procesos de movilidad social en los reinos ibéricos y otros territorios de la Europa meridional durante la Baja Edad Media. A través de 7 artículos por parte de autores de procedencia internacional, se analizan dinámicas, factores y vías diversas tanto para el ascenso como para el declive social, cubriendo un amplio espectro de las sociedades urbanas del periodo.</subfield>
   </datafield>
   <datafield ind2=" " ind1=" " tag="520">
      <subfield code="a">El presente monográfico se ha elaborado en el marco de los proyectos “Más allá de la Peste Negra. Epidemias y crisis de mortalidad en el nordeste peninsular, siglos XI-XVI: reconstrucción de ciclos, medición de efectos y análisis de respuestas”, EPIDEMED (PID2020-117839GB-I00); “La esclavitud en el Mediterráneo bajomedieval: de los mercados de aprovisionamiento a la ¿integración social?” (PID2022-138689NB-100) y “Seeraub im Mittelalter: Eine datenbankgestützte Analyse mediterraner Gewalt”, así como en el marco de los grupos de investigación consolidados ARQHISTEC “Economies alimentàries i dinàmiques de població a la Mediterrània occidental: grup d’arqueologia i història de les societats premodernes” (2021 SGR 01607); CAIMMed “La Corona d’Aragó, l’islam i el món mediterrani” (2021 SGR 00502) y GRESMED “Estudis Medievals”</subfield>
   </datafield>
   <datafield ind2="0" ind1="0" tag="245">
      <subfield code="a">Introducción. Movilidad social en los reinos ibéricos y el Mediterráneo occidental durante la Baja Edad Media: nuevas perspectivas</subfield>
   </datafield>
   <datafield ind2="0" ind1="0" tag="245">
      <subfield code="a">Introduction. Social mobility in the Iberian kingdoms and the Northwestern Mediterranean during the late Middle Ages: new perspectives</subfield>
   </datafield>
</record></metadata></record></GetRecord></OAI-PMH>